000 01415cam a22003857a 4500
003 CHAP
005 20240216133139.0
008 000508d2000 mx r 00110 spa d
010 _a81017
011 _a81989
035 _a92473
040 _cCHAP
090 _aTesis
100 1 0 _aAguirre Camacho, José
_92967
245 1 0 _aEstablecimiento de un beneficio húmedo de café, en la comunidad la Palma Buenos Aires, Misantla, Veracruz
_c/por José Aguirre Camacho y Marcelino Alvarado Salvador
260 _aChapingo, Méx. :
_bEl autor,
_c2000.
300 _a90 h. :
_bgráfs. ; cuadros ; anexo
502 _aTesis (Ing. Agroindustrial) -- UACH. Ingeniería Agroindustrial
590 _aALEPH
_b10
_c20130110
_lUCH01
_h1434
590 _aBATCH-UPD
_b10
_c20130109
_lUCH01
_h2316
590 _aBATCH-UPD
_b10
_c20130110
_lUCH01
_h0541
590 _aBATCH-UPD
_b10
_c20130409
_lUCH01
_h1837
590 _aBATCH-UPD
_b10
_c20130410
_lUCH01
_h0221
590 _aBATCH-UPD
_b10
_c20130913
_lUCH01
_h2317
590 _aCONVERSION
_b10
_c20130109
_lUCH01
_h1345
650 1 4 _aCafé
_xEfecto de la humedad.
_917129
650 1 4 _aCafé
_xVariedades.
_917208
650 1 4 _aCafé
_zVeracruz.
700 0 _aAlvarado Salvador, Marcelino.
_94827
901 _aBK
905 _aLilia Sánchez G.
942 _cFOLL
949 _bBC
_cTES
_d33724000777942
_eTS2
_fc.2
_h36182
_i92473
_si
949 _bBC
_cTES
_d924731
_eTS1
_h36181
_i92473
_sb
999 _c81017
_d81017